1356 1030 1426 1405 1106 1125 1049 1808 1604 1145 1261 1476 1224 1588 1159 1402 1769 1308 1418 1801 1270 1716 1996 1684 1844 1361 1142 1785 1311 1279 1232 1986 1113 1196 1006 1055 1923 1597 1294 1517 1110 1242 1715 1619 1398 1496 1579 1632 1776 1224 1824 1058 1050 1664 1936 1482 1058 1298 1751 1800 1816 1780 1778 1086 1239 1335 1590 1810 1049 1985 1654 1030 1190 1485 1246 1090 1580 1456 1281 1912 1854 1584 1641 1084 1867 1675 1535 1233 1034 1666 1003 1341 1627 1941 1340 1429 1098 1637 1406 BCNSPRNW ULIB Ver.6.0+V

เปลี่ยนเป็นภาษาไทย

Change to English
 แสดงรายละเอียดบรรณานุกรม
  กลับหน้าหลัก

Brief Record : Get Marc (ISO 2709) : E-mail record : QR code < ปิดหน้าต่าง
LEADER : 00000nam 2200000uu 4500
001    13399120751
003     ULIB
008    121009s2551||||th 000 0 tha d
020    ^a9789741109296
060 04 ^aWC503^bก724ร
100 0  กุลกัญญา โชคไพบูลย์กิจ
245 00 ^aโรคติดเชื้อเอชไอวี/เอดส์ในเด็ก :^bตำราเพื่อบุคลากรที่ดูแลรักษาเด็กและครอบครัวที่ติดเชื้อเอชไอวี /^cบรรณาธิการ, กุลกัญญา โชคไพบูลย์กิจ
250    ^aพิมพ์ครั้งที่ 1
260    ^aกรุงเทพฯ :^bสาขาวิชาโรคติดเชื้อ ภาควิชากุมารเวชศาสตร์คณะแพทยศาสตร์ศิริราชพยาบาล,^c2551
300    ^a350 หน้า :^bภาพประกอบ ;^c24 ซม.
500    ^aหนังสือได้รับรางวัลประเภทชมเชย รางวัลตำราศิริราช-มหิดล ปี2551
650  7 ^aผู้ติดเชื้อเอชไอวี
650  7 ^aโรคเอดส์ในเด็ก
650  7 ^aกลุ่มอาการภูมิคุ้มกันเสื่อม^xในวัยทารกและวัยเด็ก
650  7 ^aรางวัลตำราศิริราช-มหิดล
653    ^aผลงานอาจารย์คณะแพทยศาสตร์ศิริราชพยาบาล
700 0  ^aกุลกัญญา โชคไพบูลย์กิจ,^eบรรณาธิการ
710 2  ^aมหาวิทยาลัยมหิดล. ^bคณะแพทยศาสตร์ศิริราชพยาบาล.^bภาควิชากุมารเวชศาสตร์
945    ^p400^l0^i15427
995    ^aทศพร
999    ^aทศพร เกษรทอง
รายการนี้ยังไม่มีแท็ก
คุณยังไม่ได้ล็อกอิน คุณสามารถมีกิจกรรมร่วมกับเว็บไซต์ได้ แต่ต้องล็อกอินก่อน ::
  ล็อกอิน

รายการสื่อสารสนเทศ

ลำดับที่ ประเภท เลขเรียก/บาร์โค้ด สถานที่ สถานะ
1. วิทยาศาสตร์การแพทย์ และสุขภาพ
วิทยาศาสตร์การแพทย์ และสุขภาพ
WC503 ก724ร ฉ.1 
  Barcode: 15427
ห้องสมุดวิทยาเขตสวรรค์ประชารักษ์
►หนังสือทั่วไป
บนชั้น

รายการใกล้เคียง
    ผู้แต่ง [กุลกัญญา โชคไพบูลย์กิจ]

    หัวเรื่อง [ผู้ติดเชื้อเอชไอวี]
    หัวเรื่อง [โรคเอดส์ในเด็ก]
    หัวเรื่อง [รางวัลตำราศิริราช-มหิดล]

BibComment


ยังไม่เคยถูกคอมเมนท์

คอมเมนท์ทรัพยากรรายการนี้
  คอมเมนท์: โรคติดเชื้อเอชไอ..


 Copyright 2026. Bcnsprnw @Library